000 02076cam a2200265 i 4500
003 SA_RiAUC
005 20251113113702.0
008 251110s2008 su g 000 0 ara c
040 _aSA-MaMIU
_bara
_cSA-RiAUC
_dKAC
_erda
082 0 4 _a243
_qSA-RiAUC
090 _a243
_bغ ن ي
100 1 _aالغنيمان، عبد الله بن محمد عبد الله،
_d1353 هجري-
_eمؤلف.
245 1 2 _aالهوى وأثره في الخلاف /
_cعبد الله محمد الغنيمان.
250 _aالطبعة الأولى.
264 1 _aالدمام، السعودية :
_bدار ابن الجوزي للنشر والتوزيع،
_c[2008]
300 _a56 صفحة ؛
_c14 × 20 سم
336 _aنص
_btxt
_2rdacontent
_3كتاب
337 _aبدون وسيط
_bn
_2rdamedia
338 _aمجلد
_bnc
_2rdacarrier
650 7 _aالسمعيات
_2aucsh
856 _uhttp://saaid.net/book/open.php?cat=82&book=125
_yExternal Link
_2 نرجو الانتباه لإمكانية وجود اختلاف في الطبعة أو الناشر بين البيانات على البوابة وما ستجده على الكتاب نظرا لمحدودية المعلومات المتاحة على الموقع الناشر للمادة.
_3Please note that there may be a difference in the edition or publisher between the data on the portal and the book due to the limited information available on the publisher website for the material.
856 _uhttp://www.saaid.net/book/120.zip
_yDigital Copy
_2 نرجو الانتباه لإمكانية وجود اختلاف في الطبعة أو الناشر بين البيانات على البوابة وما ستجده على الكتاب نظرا لمحدودية المعلومات المتاحة على الموقع الناشر للمادة.
_3Please note that there may be a difference in the edition or publisher between the data on the portal and the book due to the limited information available on the publisher website for the material.
942 _2ddc
_cBOOK
_n0
949 _aSA-JeALM
_d251110
_umohamedma123
_n1
999 _c13228
_d13228